00000000nam 2200000zi 4500
0019.937604
003CaOODSP
00520250206150045
006m     o  d f      
007cr cn|||||||||
008240430e202405  onca    o    f000 0 fre d
020 |a9780660716800|z9780660716817
040 |aCaOODSP|bfre|erda|cCaOODSP
041 |afre|aeng
043 |an-cn---
0861 |aH139-66/2024-PDF
24500|aHealth Canada warns about unregistered insecticides in the marketplace = |bSanté Canada met en garde contre la présence sur le marché d'insecticides non homologués.
24611|aSanté Canada met en garde contre la présence sur le marché d'insecticides non homologués
264 1|a[Ottawa] : |bSanté Canada = Health Canada, |cmai 2024.
300 |a1 ressource en ligne (2 pages non numérotées) : |billustrations en couleur
336 |atexte|btxt|2rdacontent/fre
337 |ainformatique|bc|2rdamedia/fre
338 |aressource en ligne|bcr|2rdacarrier/fre
500 |a« Pub.: 240142. »
500 |aL'ISBN imprimé dans cette publication (9780660716817) est incorrect.
500 |aLe fichier de publication en format PDF a été remplacé le 06-02-2024 à la requête de Santé Canada.
546 |aTexte en français et en anglais.
650 6|aPesticides|xDroit|zCanada.
650 6|aDichlorvos|xPolitique gouvernementale|zCanada.
7101 |aCanada. |bSanté Canada, |eorganisme de publication.
7760#|tSanté Canada met en garde contre la présence sur le marché d'insecticides non homologués.|w(CaOODSP)9.937606
788 |tHealth Canada warns about unregistered insecticides in the marketplace = |eeng|w(CaOODSP)9.937603
85640|qPDF|s390 Ko|uhttps://publications.gc.ca/collections/collection_2025/sc-hc/H139-66-2024.pdf